Paul: (Record no. 4285)

MARC details
000 -LEADER
fixed length control field 00471nam a22001697a 4500
003 - CONTROL NUMBER IDENTIFIER
control field GBCCL
005 - DATE AND TIME OF LATEST TRANSACTION
control field 20241126110515.0
008 - FIXED-LENGTH DATA ELEMENTS--GENERAL INFORMATION
fixed length control field 180118b xxu||||| |||| 00| 0 eng d
040 ## - CATALOGING SOURCE
Transcribing agency gbc
082 ## - DEWEY DECIMAL CLASSIFICATION NUMBER
Classification number 225.92
Item number BOR
100 ## - MAIN ENTRY--PERSONAL NAME
Personal name Bornkamm, Gunther
9 (RLIN) 8104
245 ## - TITLE STATEMENT
Title Paul:
Remainder of title Paulus /
Statement of responsibility, etc. Gunther Bornkamm
260 ## - PUBLICATION, DISTRIBUTION, ETC.
Place of publication, distribution, etc. New York:
Name of publisher, distributor, etc. Harper & Row, Publishers,
Date of publication, distribution, etc. 1971
300 ## - PHYSICAL DESCRIPTION
Extent 260 p.;
Dimensions 22 cm.
650 ## - SUBJECT ADDED ENTRY--TOPICAL TERM
Topical term or geographic name entry element Bible
Form subdivision New Testament
-- Paul
General subdivision Biography
9 (RLIN) 8105
942 ## - ADDED ENTRY ELEMENTS (KOHA)
Source of classification or shelving scheme Dewey Decimal Classification
Koha item type Books
Koha issues (borrowed), all copies 20
Holdings
Withdrawn status Lost status Source of classification or shelving scheme Damaged status Not for loan Home library Current Library Shelving location Date acquired Total checkouts Total renewals Full call number Barcode Date last seen Date last checked out Copy number Price effective from Koha item type
    Dewey Decimal Classification     GRACE BIBLE COLLEGE GRACE BIBLE COLLEGE Biblical Studies 2018-01-18 23 1 225.92 BOR 000602 2026-02-25 2026-02-25 c.1 2018-01-18 Books
© Grace Bible College Library 2025